Région de la Nouvelle Zélande - Carte Quiz - Statistiques

Statistiques générales
  • Ce quiz a été pris 258 fois
  • Le résultat moyen est 7 sur 16
Réponses sur la Carte
Les réponses sont colorées sur une échelle allant du rouge au vert en fonction du pourcentage des utilisateurs qui les ont devinées à leur premier essai. Vous pouvez retrouver ces pourcentages ci-dessous.
 
Statistiques - réponses
Population Region % Correct
1,570,500 Auckland
95%
496,900 Wellington
93%
168,300 Northland
51%
215,100 Otago
45%
32,700 West coast
44%
97,300 Southland
42%
586,500 Canterbury
41%
49,900 Nelson
38%
115,800 Taranaki
38%
47,400 Gisborne
37%
287,100 Baie de l'Abondance
36%
49,500 Tasman
35%
439,200 Waikato
34%
160,100 Hawke's Bay
30%
45,300 Marlborough
28%
234,500 Manawatu-Wanganui
26%
Aucun quiz correspondant
Distribution des résultats
% des personnes avec chaque résultat
Percentile par nombre de réponses
Votre historique - résultats
Vous n’avez pas pris ce quiz